| 000 | 00000nam##2200000za#4500 |
| 001 | 9.573958 |
| 003 | CaOODSP |
| 005 | 20210624183942 |
| 007 | cr ||||||||||| |
| 008 | 150406|2001||||xxc|||||o f|0| 0 eng|d |
| 040 | |aCaOODSP|beng |
| 043 | |an-cn--- |
| 086 | 1 |aH42-2/67-19-2000E-PDF |
| 110 | 1 |aCanada.|bHealth Canada. |bTherapeutic Products Programme. |
| 245 | 10|aQuality of biotechnological products : |h[electronic resource]|banalysis of the expression construct in cells used for production of R-DNA derived protein products |
| 260 | |aOttawa - Ontario : |bHealth Canada. |cJanuary 5, 2001, c2000. |
| 300 | |a11p.|bglossary |
| 490 | 1 |aGuidance for industry|vICH Topic Q5B |
| 500 | |aThe catalogue number (H42-2/67-19-2000E) and ISBN (ISBN 0-662-84883-7) for the print edition have been incorrectly copied in this electronic publication. |
| 590 | |a12-21-Supp|b2012-05-18 |
| 690 | 07|aBiotechnology|2gcpds |
| 690 | 07|aBiochemical products|2gcpds |
| 776 | 0#|tQuality of biotechnological products : |w(CaOODSP)9.615262 |
| 830 | #0|aGuidance for industry ;|vICH Topic Q5B|w(CaOODSP)9.506921 |
| 856 | 40|ahttp://publications.gc.ca|qPDF|s32 KB|uhttps://publications.gc.ca/collections/Collection/H42-2-67-19-2000E.pdf|yICH Topic Q5B |